Hedi Slim et alii, Histoire générale de la Tunisie, Tome I : L’Antiquité. Sud Editions, Tunis/ Maisonneuve, Paris, 2003, 462 pages (notice n° 1619239)
[ vue normale ]
| 000 -LEADER | |
|---|---|
| fixed length control field | 00874cam a2200157 4500500 |
| 005 - DATE AND TIME OF LATEST TRANSACTION | |
| control field | 20260111090613.0 |
| 041 ## - LANGUAGE CODE | |
| Language code of text/sound track or separate title | fre |
| 042 ## - AUTHENTICATION CODE | |
| Authentication code | dc |
| 100 10 - MAIN ENTRY--PERSONAL NAME | |
| Personal name | Vallin, Pierre |
| Relator term | author |
| 245 00 - TITLE STATEMENT | |
| Title | Hedi Slim et alii, Histoire générale de la Tunisie, Tome I : L’Antiquité. Sud Editions, Tunis/ Maisonneuve, Paris, 2003, 462 pages |
| 260 ## - PUBLICATION, DISTRIBUTION, ETC. | |
| Date of publication, distribution, etc. | 2003.<br/> |
| 500 ## - GENERAL NOTE | |
| General note | 66 |
| 520 ## - SUMMARY, ETC. | |
| Summary, etc. | RésuméIdentifier l’inhumain – l’absurde, le nihilisme, le ressentiment, le mal –, fonder l’humain – la révolte, l’amour –, proposer un humanisme inédit, telle aura été la tentative philosophique et littéraire d’Albert Camus. La lucidité tragique n’interdit pas l’exigence d’humanité. |
| 786 0# - DATA SOURCE ENTRY | |
| Note | Études | 399 | 9 | 2003-09-01 | p. 270l-287l | 0014-1941 |
| 856 41 - ELECTRONIC LOCATION AND ACCESS | |
| Uniform Resource Identifier | <a href="https://shs.cairn.info/revue-etudes-2003-9-page-270l?lang=fr&redirect-ssocas=7080">https://shs.cairn.info/revue-etudes-2003-9-page-270l?lang=fr&redirect-ssocas=7080</a> |
Pas d'exemplaire disponible.




Réseaux sociaux